Cosecharás tempestades / (Record no. 194943)

MARC details
000 -LEADER
campo de control de longitud fija 02413nam a2200409 i 4500
001 - NÚMERO DE CONTROL
campo de control 194943
003 - IDENTIFICADOR DE NÚMERO DE CONTROL
campo de control SpMaBN
005 - FECHA Y HORA DE LA ÚLTIMA TRANSACCIÓN
campo de control 20250708193504.0
008 - DATOS DE LONGITUD FIJA--INFORMACIÓN GENERAL
campo de control de longitud fija 240522s2023 sp | |||| 000 f spa
015 ## - NÚMERO DE BIBLIOGRAFÍA NACIONAL
Número de bibliografía nacional MON23
017 ## - NÚMERO DE COPYRIGHT O DE DEPÓSITO LEGAL
Número de copyright o de depósito legal B 7755-2023
Agencia que asigna Oficina Depósito Legal Barcelona
020 ## - NÚMERO INTERNACIONAL ESTÁNDAR DEL LIBRO
Número Internacional Estándar del Libro 9788432242106
040 ## - FUENTE DE CATALOGACIÓN
Centro catalogador/agencia de origen SpMaBN
Lengua de catalogación spa
Centro/agencia transcriptor SpMaBN
Normas de descripción rda
080 ## - NÚMERO DE LA CLASIFICACIÓN DECIMAL UNIVERSAL
Número de la Clasificación Decimal Universal 821.111(73)-31"19"
100 ## - ENTRADA PRINCIPAL--NOMBRE DE PERSONA
Nombre de persona Leon, Donna,
Fechas asociadas al nombre 1942-
9 (RLIN) 236553
Término indicativo de función/relación Autor
240 10 - TÍTULO UNIFORME
Título uniforme So Shall You Reap
Lenguaje de la obra Español
245 10 - MENCIÓN DEL TÍTULO
Título Cosecharás tempestades /
Mención de responsabilidad, etc. Donna Leon ; traducción del inglés por Maia Figueroa Evans
250 ## - MENCION DE EDICION
Mención de edición Primera edición: mayo de 2023
264 #1 - PRODUCCIÓN, PUBLICACIÓN, DISTRIBUCIÓN, FABRICACIÓN Y COPYRIGHT
Producción, publicación, distribución, fabricación y copyright [Barcelona (España)] :
Nombre del de productor, editor, distribuidor, fabricante Seix Barral,
Fecha de producción, publicación, distribución, fabricación o copyright [2023]
264 #4 - PRODUCCIÓN, PUBLICACIÓN, DISTRIBUCIÓN, FABRICACIÓN Y COPYRIGHT
Fecha de producción, publicación, distribución, fabricación o copyright ©2023
300 ## - DESCRIPCIÓN FÍSICA
Extensión 345 páginas ;
Dimensiones 23 cm
336 ## - TIPO DE CONTENIDO
Término de tipo de contenido Texto
Fuente rdacontent
337 ## - TIPO DE MEDIO
Nombre/término del tipo de medio sin mediación
Fuente rdamedia
338 ## - TIPO DE SOPORTE
Nombre/término del tipo de soporte volumen
Fuente rdacarrier
490 0# - MENCIÓN DE SERIE
Mención de serie Biblioteca Formentor
520 ## - RESUMEN, ETC.
Sumario, etc. En una fría noche de noviembre, Guido Brunetti recibe una llamada de su colega, el ispettore Vianello, alertándole de que se ha visto una mano en uno de los canales de Venecia. Pronto se encuentra el cuerpo y se asigna a Brunetti la investigación del asesinato de este inmigrante indocumentado. Dado que no existe un registro oficial de la presencia del hombre en Venecia, se ve obligado a utilizar fuentes de información mucho más suculentas en la ciudad: los chismes y los recuerdos de las personas que conocieron a la víctima. Curiosamente, había estado viviendo en una pequeña casa en los terrenos de un palazzo propiedad de un profesor universitario, en el que Brunetti descubre libros que revelan el interés de la víctima por el budismo, los revolucionarios Tigres Tamiles y la última cosecha de terroristas políticos italianos, activos en la década de los ochenta.
655 #0 - TERMINO DE INDIZACIÓN--GENERO/FORMA
Datos o término principal de género/forma Novelas policiacas
9 (RLIN) 233840
700 ## - ENTRADA AGREGADA--NOMBRE PERSONAL
Nombre de persona Figueroa Evans, Maia
9 (RLIN) 236554
Término indicativo de función/relación Traductor
852 ## - LOCALIZACIÓN
Ubicación ES-MaACL
Ubicación en estantería Depósito J
Signatura antigua N-9927
Donativo/Legado Donación: José Lázaro García
Encuadernación Encuadernación rústica con solapas
Número de control de estantería N-9927
itemnumber 205849
903 ## - NOMBRE PERSONAL DE DONANTE
9 234219
a Lázaro García, José
e Donante
942 ## - ELEMENTOS DE ENTRADA SECUNDARIOS (KOHA)
Tipo de ítem Koha Libro impreso
Suprimir en OPAC No
Holdings
Estatus retirado Estado de pérdida Fuente del sistema de clasificación o colocación Estado de daño No para préstamo Biblioteca de origen Biblioteca actual Ubicación en estantería Fecha de adquisición Fuente de adquisición Total de préstamos Signatura topográfica completa Código de barras Visto por última vez Precio de reemplazo Tipo de ítem Koha
    Clasificación decimal universal     Biblioteca del Ateneo de Madrid Biblioteca del Ateneo de Madrid Depósito J 26/05/2025 Donación   N-9927 101230186 26/05/2025 26/05/2025 Libro impreso